|
|
|
|
| LEADER |
00000nam0a2200000 4500 |
| 001 |
370890 |
| 005 |
20231102012326.0 |
| 035 |
|
|
|a (RuTPU)RU\TPU\retro\28299
|
| 035 |
|
|
|a RU\TPU\book\77585
|
| 090 |
|
|
|a 370890
|
| 100 |
|
|
|a 20220815d1980 m y0rusy50 ca
|
| 101 |
1 |
|
|a eng
|c rus
|
| 102 |
|
|
|a RU
|
| 105 |
|
|
|a a j 001zy
|
| 200 |
1 |
|
|a Общая теория печей
|d A General Teory of Furnaces
|e [учебное пособие]
|f М. А. Глинков, Г. М. Глинков
|
| 210 |
|
|
|a Москва
|c Мир
|d 1980
|
| 215 |
|
|
|a 286 с.
|c ил.
|
| 300 |
|
|
|a На английском языке
|
| 320 |
|
|
|a Библиогр.: с. 280-281
|
| 320 |
|
|
|a Предм. указ.: с. 283-286
|
| 454 |
|
1 |
|0 (RuTPU)RU\TPU\book\77585
|t Общая теория печей
|o учебное пособие для вузов
|f М. А. Глинков, Г. М. Глинков
|c Москва
|n Металлургия
|d 1978
|p 264 с.
|a Глинков, Марк Алексеевич
|
| 510 |
1 |
|
|a A General Teory of Furnaces
|z eng
|
| 606 |
1 |
|
|a Металлургические печи
|2 stltpush
|3 (RuTPU)RU\TPU\subj\72814
|9 86207
|
| 610 |
1 |
|
|a металлургия
|
| 610 |
1 |
|
|a работа
|
| 610 |
1 |
|
|a термодинамические основы
|
| 610 |
1 |
|
|a термокинетические основы
|
| 610 |
1 |
|
|a тепловая работа
|
| 610 |
1 |
|
|a типовые режимы
|
| 610 |
1 |
|
|a радиационный режим
|
| 610 |
1 |
|
|a конвективный режим
|
| 610 |
1 |
|
|a массообменный режим
|
| 610 |
1 |
|
|a электрический режим
|
| 610 |
1 |
|
|a печи-теплогенераторы
|
| 610 |
1 |
|
|a ограждения
|
| 610 |
1 |
|
|a расчет
|
| 610 |
1 |
|
|a учебные пособия
|
| 675 |
|
|
|a 669.041(075.8)
|v 3
|
| 700 |
|
1 |
|a Глинков
|b М. А.
|g Марк Алексеевич
|
| 701 |
|
1 |
|a Глинков
|b Г. М.
|g Герман Маркович
|
| 801 |
|
1 |
|a RU
|b 63413507
|c 20050131
|g PSBO
|
| 801 |
|
2 |
|a RU
|b 63413507
|c 20220815
|g PSBO
|
| 942 |
|
|
|c BK
|